Australian journal of maritime and ocean affairs

Detalles Bibliográficos
Título anterior:Maritime studies (Canberra, A.C.T.)
Autor Corporativo: Australian Association for Maritime Affairs
Formato: Electrónico Revista
Lenguaje:inglés
Publicado: Red Hill, A.C.T. : Australian Association for Maritime Affairs, 2009-
Abingdon, Oxfordshire, UK : Routledge
Materias:
Acceso en línea:Full text available from Research Library: 01/01/2009 to 10/31/2017

MARC

LEADER 00000nas a2200000 i 4500
001 ssj0000400070
003 WaSeSS
005 20200512172242.0
006 m d
007 cr n
008 091013c20099999enkqr p s 0 a0eng
010 |a  2013273683 
015 |a GBB611798  |2 bnb 
016 7 |a 017657741  |2 Uk 
022 |y 1836-6503 
035 |a (WaSeSS)ssj0000400070 
037 |b Taylor & Francis Australia, Level 2, 11 Queens Rd., Melbourne, VIC 3004, Australia 
040 |a HNK  |b eng  |c HNK  |d HNK  |d OCLCQ  |d OCLCA  |d OCLCQ  |d OCLCO  |d OCLCF  |d DLC  |d OCLCO  |d OCLCQ  |d DLC  |d NLE  |d BUF  |d OCLCO  |d UKMGB  |d VT2  |d CNTRU  |d CUS  |d WaSeSS 
042 |a pcc 
043 |a u-at--- 
050 0 0 |a GC1015 
245 0 0 |a Australian journal of maritime and ocean affairs  |h [electronic resource]. 
246 1 |a Australian journal of maritime & ocean affairs 
246 1 |a AJMOA 
260 |a Red Hill, A.C.T. :  |b Australian Association for Maritime Affairs,  |c 2009- 
260 3 |3 <Mar. 2014-> :  |a Abingdon, Oxfordshire, UK :  |b Routledge 
310 |a Four times a year 
362 1 |a Began with vol. 1, no. 1 (2009). 
506 |a License restrictions may limit access. 
588 |a Description based on: Vol. 1, no. 1 (2009); title from title information screen (ProQuest, viewed Oct. 13, 2009). 
588 |a Latest issue consulted: Volume 9, issue 2 (2017), (Taylor & Francis viewed Apr. 27, 2017). 
650 0 |a Marine resources  |z Australia  |v Periodicals. 
650 0 |a Shipping  |z Australia  |v Periodicals. 
650 0 |a Maritime law  |z Australia  |v Periodicals. 
650 7 |a Marine resources.  |2 fast  |0 (OCoLC)fst01009886 
650 7 |a Maritime law.  |2 fast  |0 (OCoLC)fst01010102 
650 7 |a Shipping.  |2 fast  |0 (OCoLC)fst01116352 
651 7 |a Australia.  |2 fast  |0 (OCoLC)fst01204543 
655 0 |a Electronic journals. 
710 2 |a Australian Association for Maritime Affairs. 
776 0 8 |i Print version:  |t Australian journal of maritime and ocean affairs  |x 1836-6503  |w (DLC) 2009254121  |w (OCoLC)301790315 
780 0 0 |t Maritime studies (Canberra, A.C.T.)  |w (OCoLC)450576523 
850 |a DLC 
856 4 0 |z Full text available from Research Library: 01/01/2009 to 10/31/2017  |u https://search.proquest.com/publication/54883